000 00550nam a22002177a 4500
003 UA-OsUOA
001 63790
007 ta
008 20091019b un ||||| |||| 00| 0 ukr d
090 _a821.161.2-1
_bУ45
942 _cBK
040 _aUA-OsUOA
_bukr
_cUA-OsUOA
_dUA-OsUOA
245 _aУкраїнська поезія ХVI ст.
300 _a287 с.
955 _a2
041 _aukr
080 _a821.161.2-1
260 _aК.
_c1987
650 7 _a82 Література. Літературознавство
_2UDC
999 _c349849
_d349849